Instituciones de Derecho Privado / (Record no. 135699)

MARC details
000 -LEADER
campo de control de longitud fija 00720nam a2200193 4500
001 - NÚMERO DE CONTROL
campo de control 135699
003 - IDENTIFICADOR DE NÚMERO DE CONTROL
campo de control ES-MaACL
007 - CAMPO FIJO DE DESCRIPCIÓN FÍSICA--INFORMACIÓN GENERAL
campo de control de longitud fija t|
008 - DATOS DE LONGITUD FIJA--INFORMACIÓN GENERAL
campo de control de longitud fija 070214s1953 sp r ||||1| spa d
100 1# - ENTRADA PRINCIPAL--NOMBRE DE PERSONA
Nombre de persona Rotondi, Mario.
9 (RLIN) 99982
245 10 - MENCIÓN DEL TÍTULO
Título Instituciones de Derecho Privado /
Mención de responsabilidad, etc. Mario Rotondi ; prólogo, traducción de y concordancias al derecho español de Francisco F. Villavicencio.
260 ## - PUBLICACIÓN, DISTRIBUCIÓN, ETC.
Lugar de publicación, distribución, etc. Barcelona :
Nombre del editor, distribuidor, etc. Labor,
Fecha de publicación, distribución, etc. 1953.
300 ## - DESCRIPCIÓN FÍSICA
Extensión XXXI, 679 p. ;
Dimensiones 24 cm.
490 1# - MENCIÓN DE SERIE
Mención de serie Enciclopedia de ciencias jurídicas y sociales
700 1# - ENTRADA AGREGADA--NOMBRE PERSONAL
Nombre de persona Villavicencio, Francisco F.
9 (RLIN) 115191
830 00 - PUNTO DE ACCESO ADICIONAL DE SERIE-TÍTULO UNIFORME
Título uniforme Enciclopedia de ciencias jurídicas y sociales
9 (RLIN) 183357
852 ## - LOCALIZACIÓN
Ubicación ES-MaACL
Número de control de estantería C-5883
Sublocalización o colección R.35328
Holdings
Estatus retirado Estado de pérdida Estado de daño No para préstamo Biblioteca de origen Biblioteca actual Ubicación en estantería Fecha de adquisición Fuente de adquisición Total de préstamos Signatura topográfica completa Código de barras Visto por última vez Precio de reemplazo Tipo de ítem Koha
        Biblioteca del Ateneo de Madrid Biblioteca del Ateneo de Madrid Sala Palomar 17/01/2008     C-5883 1141229 23/02/2023 23/02/2023 Libro impreso